| 000 | 00739pam a2200229 a 4500 | ||
|---|---|---|---|
| 003 | OSt | ||
| 005 | 20140310181622.0 | ||
| 008 | 851206s1986 mau b 001 0 eng | ||
| 020 | _a0201117754 | ||
| 050 | 0 | 0 |
_aRC 451.4.P75 _b.L33 1986 |
| 082 | 0 | 0 |
_aHS 155.9 _bL11 1985 |
| 100 | 1 |
_aLaBier, Douglas. _99852 |
|
| 245 | 1 | 0 |
_aModern madness : _bthe emotional fallout of success / _cDouglas LaBier. |
| 260 |
_aReading, Mass. : _bAddison-Wesley Pub. Co., _cc1986. |
||
| 300 |
_ax, 246 p. ; _c24 cm. |
||
| 526 | _c1500L to 1700L | ||
| 650 | 0 |
_aProfessional employees _xMental health. _99853 |
|
| 650 | 0 |
_aProfessional employees _xMental health services. _99854 |
|
| 650 | 0 |
_aWork _xPsychological aspects. _99855 |
|
| 942 |
_2lcc _cHS |
||
| 999 |
_c163 _d163 |
||